<?xml version="1.0" encoding="UTF-8"?>
<record
    xmlns:xsi="http://www.w3.org/2001/XMLSchema-instance"
    xsi:schemaLocation="http://www.loc.gov/MARC21/slim http://www.loc.gov/standards/marcxml/schema/MARC21slim.xsd"
    xmlns="http://www.loc.gov/MARC21/slim">

  <leader>01762nam a2200217Ia 4500</leader>
  <controlfield tag="003">Ost</controlfield>
  <controlfield tag="005">20260426125804.0</controlfield>
  <controlfield tag="008">260426s9999||||xx |||||||||||||| ||und||</controlfield>
  <datafield tag="040" ind1=" " ind2=" ">
    <subfield code="c">fsecg</subfield>
  </datafield>
  <datafield tag="041" ind1=" " ind2=" ">
    <subfield code="a">eng</subfield>
  </datafield>
  <datafield tag="082" ind1=" " ind2=" ">
    <subfield code="a">302.015195</subfield>
  </datafield>
  <datafield tag="100" ind1=" " ind2=" ">
    <subfield code="a">Frahi, Fadila</subfield>
    <subfield code="e">Author</subfield>
  </datafield>
  <datafield tag="245" ind1=" " ind2="0">
    <subfield code="a">Introductory Descriptive Statistics Lectures /</subfield>
    <subfield code="c">Fadila Frahi</subfield>
  </datafield>
  <datafield tag="260" ind1=" " ind2=" ">
    <subfield code="a">Algiers :</subfield>
    <subfield code="b">University of Algiers 3 Faculty of Economics Commercial Sciences and Management,</subfield>
    <subfield code="c">2024</subfield>
  </datafield>
  <datafield tag="300" ind1=" " ind2=" ">
    <subfield code="a">117 paper, </subfield>
    <subfield code="c">12 cm</subfield>
  </datafield>
  <datafield tag="504" ind1=" " ind2=" ">
    <subfield code="a">bibliography paper 116</subfield>
  </datafield>
  <datafield tag="520" ind1=" " ind2=" ">
    <subfield code="a">This polycope provides a comprehensive introduction to statistics, covering essential concepts and techniques. It begins by defining statistics and its types, introducing key terms like population, sample, parameter, and statistic. The polycop then delves into descriptive statistics, exploring methods for summarizing and visualizing both qualitative and quantitative data, including frequency distributions, histograms, and box plots.The polycope further explores measures of central tendency, such as the mean, median, and mode, as well as measures of variability, including variance, standard deviation, and interquartile range. It also introduces concepts like skewness and kurtosis to describe the shape of distributions.Correlation and regression analysis are covered to examine relationships between variables, while index numbers are discussed to measure changes in economic variables over time. The polycope concludes with a chapter on measures of concentration, focusing on the Lorenz curve and Gini coefficient to assess income inequality.</subfield>
  </datafield>
  <datafield tag="653" ind1=" " ind2=" ">
    <subfield code="a">Statistics</subfield>
  </datafield>
  <datafield tag="710" ind1=" " ind2=" ">
    <subfield code="a">University of Algiers 3 Faculty of Economics Commercial Sciences and Management</subfield>
    <subfield code="e">Scientific publisher</subfield>
  </datafield>
  <datafield tag="942" ind1=" " ind2=" ">
    <subfield code="c">HANDOUT</subfield>
  </datafield>
  <datafield tag="952" ind1=" " ind2=" ">
    <subfield code="0">0</subfield>
    <subfield code="1">0</subfield>
    <subfield code="2">ddc</subfield>
    <subfield code="4">0</subfield>
    <subfield code="7">-1</subfield>
    <subfield code="a">fsecg</subfield>
    <subfield code="b">fsecg</subfield>
    <subfield code="d">2026-04-26</subfield>
    <subfield code="h">Second floor</subfield>
    <subfield code="i">Po.903-1</subfield>
    <subfield code="l">0</subfield>
    <subfield code="o">Po.903 exp1</subfield>
    <subfield code="p">Po.903-1</subfield>
    <subfield code="r">2026-04-26 12:58:04</subfield>
    <subfield code="w">2026-04-26</subfield>
    <subfield code="y">HANDOUT</subfield>
  </datafield>
  <datafield tag="999" ind1=" " ind2=" ">
    <subfield code="c">41503</subfield>
    <subfield code="d">41503</subfield>
  </datafield>
</record>
